| 000 | 00484nam a2200169 4500 | ||
|---|---|---|---|
| 020 | _a9780136093688 | ||
| 082 | _a658.4038LAU | ||
| 100 | _aLAUDON,Kenneth C. | ||
| 245 | _aManagement Information Sytems:managingthe digital firm | ||
| 250 | _a11edition | ||
| 260 |
_aPearson Prentice Hall _bNew Jersey _c2010 |
||
| 300 |
_aiii, 653p. _bill. |
||
| 500 | _aInclude Index | ||
| 650 | _aManagement Information Sytem:managing the digital firm | ||
| 700 | _aJane P. Laudon | ||
| 942 | _cBK | ||
| 999 |
_c19172 _d19172 |
||